Ostrý provoz Centrálního registru úvěrů ČNB

Centrálny register úverov právnických osôb a fyzických osôb - podnikateľov v ČR zahájil prevádzku 1.11.2002. Prevádzkovateľom je Česká národní banka. Systém sústreďuje informácie o jednotlivých klientoch bánk pôsobiacich v ČR.

Enregistré dans:
Détails bibliographiques
Auteur principal: Mašindová, Věra
Format: Chapitre de livre
Langue:tchèque
Sujets:
Tags: Ajouter un tag
Pas de tags, Soyez le premier à ajouter un tag!

MARC

LEADER 00000naa a2200000 4500
001 r047564
005 20231004072715.5
041 0 |a cze 
044 |a CZ 
245 1 0 |a Ostrý provoz Centrálního registru úvěrů ČNB  |c Věra Mašindová 
520 |a Centrálny register úverov právnických osôb a fyzických osôb - podnikateľov v ČR zahájil prevádzku 1.11.2002. Prevádzkovateľom je Česká národní banka. Systém sústreďuje informácie o jednotlivých klientoch bánk pôsobiacich v ČR. 
610 2 0 |a úver bankový 
610 2 0 |a registre 
610 2 0 |a banky 
610 2 0 |a informácie 
610 2 0 |a klienti 
610 2 0 |a Česko 
610 2 0 |a ČNB Praha 
610 2 0 |a Centrální registr úvěrů ČNB 
610 2 0 |a 2002 
100 1 |a Mašindová, Věra